000 00255nam a2200109Ia 4500
008 231219s9999 xx 000 0 und d
041 _aeng
100 _aKharidehal V.Rao
245 _aManagement Science
260 _bM.G.H Bombay
650 _aManagement
999 _c975262
_d975262